000 00667nam a2200289Ia 4500
005 20260324122356.0
008 008 260324s9999 xx 000 0 eng d
020 _a9780203754146
037 _aEBOOK
040 _aCRL
040 _beng
040 _cCRL
041 _2eng
041 _aeng
084 _qCRL
100 _aRuth Illman; W. Alan Smith
_91166200
245 0 _aTheology and the Arts
245 0 _bEngaging Faith
260 _bTaylor and Francis
260 _c2013
365 _a
365 _b240
856 _uhttp://www.taylorfrancis.com/books/9780203754146
942 _cEBOOK
999 _c1758898
_d1758898